North Carolina Counties By Population With Hints - Statistics

General Stats
  • This quiz has been taken 24 times
  • The average score is 39 of 100
Answers on the Map
Answers color-coded by a green-red scale on the quiz's map according to % correct below.
 
Answer Stats
Population County Initial Letter % Correct
1,115,482 Mecklenburg M
100%
1,129,410 Wake W
100%
382,590 Forsyth F
89%
541,299 Guilford G
89%
148,696 Orange O
78%
171,415 Alamance A
67%
324,833 Durham D
67%
227,943 Gaston G
67%
215,999 Johnston J
67%
225,702 New Hanover N
67%
238,267 Union U
67%
269,452 Buncombe B
56%
28,100 Currituck C
56%
4,589 Hyde H
56%
204,576 Onslow O
56%
65,969 Wilkes W
56%
78,784 Wilson W
56%
37,214 Yadkin Y
56%
44,652 Beaufort B
44%
29,606 Bladen B
44%
225,804 Cabarrus C
44%
67,686 Carteret C
44%
76,285 Chatham C
44%
100,720 Craven C
44%
334,728 Cumberland C
44%
133,568 Harnett H
44%
186,693 Iredell I
44%
55,122 Lenoir L
44%
86,810 Lincoln L
44%
94,970 Nash N
44%
13,005 Perquimans P
44%
170,243 Pitt P
44%
116,530 Robeson R
44%
91,096 Rockingham R
44%
71,359 Surry S
44%
3,245 Tyrrell T
44%
11,003 Washington W
44%
117,333 Wayne W
44%
18,470 Yancey Y
44%
10,888 Alleghany A
33%
26,577 Ashe A
33%
17,806 Avery A
33%
80,652 Caldwell C
33%
10,355 Camden C
33%
22,736 Caswell C
33%
11,089 Clay C
33%
36,915 Dare D
33%
168,930 Davidson D
33%
42,712 Davie D
33%
48,715 Duplin D
33%
48,900 Edgecombe E
33%
68,573 Franklin F
33%
8,030 Graham G
33%
60,992 Granville G
33%
62,089 Haywood H
33%
52,082 Hoke H
33%
9,172 Jones J
33%
63,285 Lee L
33%
21,193 Madison M
33%
25,751 Montgomery M
33%
17,471 Northampton N
33%
12,276 Pamlico P
33%
60,203 Pender P
33%
39,097 Person P
33%
146,875 Rowan R
33%
34,174 Scotland S
33%
44,520 Stokes S
33%
14,117 Swain S
33%
32,986 Transylvania T
33%
42,578 Vance V
33%
18,642 Warren W
33%
54,086 Watauga W
33%
36,444 Alexander A
22%
22,055 Anson A
22%
17,934 Bertie B
22%
136,693 Brunswick B
22%
87,570 Burke B
22%
160,610 Catawba C
22%
28,774 Cherokee C
22%
13,708 Chowan C
22%
99,519 Cleveland C
22%
50,623 Columbus C
22%
10,478 Gates G
22%
20,451 Greene G
22%
116,281 Henderson H
22%
21,552 Hertford H
22%
43,109 Jackson J
22%
37,014 Macon M
22%
22,031 Martin M
22%
44,578 McDowell M
22%
99,727 Moore M
22%
40,568 Pasquotank P
22%
19,328 Polk P
22%
42,946 Richmond R
22%
64,444 Rutherford R
22%
59,036 Sampson S
22%
62,504 Stanly S
22%
48,622 Halifax H
11%
14,903 Mitchell M
11%
144,171 Randolph R
11%
No matching quizzes found
Score Distribution
Percent of People with Each Score
Percentile by Number Answered
Your Score History
You have not taken this quiz